| 000 | 00542nam a2200181Ia 4500 | ||
|---|---|---|---|
| 003 | GCL | ||
| 008 | 140319s9999 xx 000 0 ara d | ||
| 040 |
_aGCL / _cGCL |
||
| 082 | 0 | 4 |
_a842 _bم م |
| 100 | 1 | _aموليير | |
| 245 | 1 | 0 |
_aالمثرى النبيل : تمثيلية ذات خمسة فصول / _cموليير |
| 700 | 1 | _aالياس شبكة | |
| 300 | _a104 ص | ||
| 490 |
_aالسلسلة المسرحية _v0 |
||
| 650 | 0 | 4 | _aالادب الفرنسى |
| 650 | 0 | 4 | _aالادب الفرنسى المترجم |
| 942 |
_2ddc _cBK |
||
| 999 |
_c47314 _d47314 |
||